Ekonomika spoločenského prospechu a odmeňovania vo vynálezcovstve a zlepšovateľstve seminár : Nitra 17.-19.6.1986

Enregistré dans:
Détails bibliographiques
Format: Livre
Langue:slovaque
Publié: Bratislava Dom techn. ČSVTS 1986
Édition:1. vyd.
Tags: Ajouter un tag
Pas de tags, Soyez le premier à ajouter un tag!

MARC

LEADER 00000nam a2200000 4500
001 c103249
005 20221219100500.0
041 0 |a slo 
044 |a SK 
245 1 0 |a Ekonomika spoločenského prospechu a odmeňovania vo vynálezcovstve a zlepšovateľstve  |b seminár : Nitra 17.-19.6.1986 
250 |a 1. vyd. 
264 1 |a Bratislava  |b Dom techn. ČSVTS  |c 1986 
300 |a 131 s.